000 00903cam a2200193 4500
001 ABS65401
008 020508n2002 000 0 eng u
035 _a(Sirsi) u117860
245 _aFrance's commercial property market
260 _c2002
490 _aRICS European Alert
_vApril 2002,6(1)
520 _aEconomic analysis of France's commercial property market. Figures show French GDP slowed to growth of 2.2% in 2001. The slow start for 2002 in consumer spending is likely to result in weaker property market with lower business investment and lower rates of new occupation. Concludes, however, that commercial market has managed to avoid high rates of speculative development which should prevent a sharp downturn. Graph.
590 _aABS
650 _aFRANCE
650 _aPROPERTY MARKET
650 _aPROPERTY-COMMERCIAL PROPERTY
690 _aINTERNATIONAL-EUROPE
942 _n0
999 _c70185
_d70185